000 00643nam a2200181Ia 4500
008 151018s9999 xx 000 0 und d
082 _bRBASDV64284
_a891.463
100 _aकृ पं देशपांडे
245 _aभारतीय मातृकथा ३
250 _b1
260 _bगंधर्व -वेद प्रकाशन पुणे
_c2013
300 _a679
600 _aकृ पं देशपांडे
630 _aभारतीय मातृकथा ३
700 _aकृ पं देशपांडे
730 _aभारतीय मातृकथा ३
942 _cBOOK
999 _c1056624
_d1056621